000 00628nam a2200217 a 4500
008
020 _a0443071411(pbk.)
049 _aMAIN
090 _aRC683.5.A9
_bHEA
245 1 0 _aHeart sounds made easy /
_cE. M. Brown... [et.al.]
260 _aEdinburgh :
_bChurchill Livingstone,
_c2002.
300 _axiv,112 p.
_bill. ;
_c18 cm. +
_ewith interactive CD-ROM.
500 _aIncludes index.
650 1 _aHeart.
700 _aBrown, E.M.
907 _a.b10262039
_b26-08-09
_c14-04-09
003
005 20230120204012.0
040 _cNUST
942 _cBOOKS
_kRC683.5.A9
_mHEA
999 _c115374
_d115374